000
00189 a2200097 4500
020
_a
9780673758637
041
_a
spa
100
_a
Lester, Helen
245
_a
Quiero una mascota
942
_c
BK
999
_c
31943
_d
31941